[Event "EUSA-ch Open 2019"]
[Site "Budapest"]
[Date "2019.07.26"]
[Round "7.3"]
[White "Korpa, Bence"]
[Black "Shevchenko, Kirill"]
[Result "1/2-1/2"]
[WhiteElo "2523"]
[BlackElo "2536"]
[Annotator "TA"]
[PlyCount "181"]
[EventDate "2019.07.23"]
[EventType "team-tourn"]
[EventCountry "HUN"]
[SourceTitle "playchess.com"]
[Source "ChessBase"]
[SourceQuality "1"]

{[%evp 10,181,14,-10,36,40,42,44,45,43,40,40,35,42,50,38,63,67,60,64,54,62,55,58,66,56,74,69,78,59,83,84,60,24,24,31,34,20,106,106,112,106,111,112,139,134,456,150,152,153,131,127,804,671,671,671,776,750,715,693,527,498,502,27,175,21,21,27,21,7,7,0,10,0,7,0,12,0,8,8,8,8,8,11,11,0,0,0,0,0,0,0,0,0,0,0,0,0,0,0,0,0,0,0,0,0,0,0,0,0,0,0,0,0,0,0,0,0,0,0,0,0,0,0,0,0,0,0,0,0,8,8,8,8,8,8,8,0,7,0,8,0,7,0,8,0,7,7,7,7,7,7,8,8,8,8,8,8,8,8,8,8,8,8,8,8,8,8,8,8,8,0,0,0]} 1. Nf3 Nf6 2. g3 b6 3. Bg2 Bb7 4. O-O e6 5. d3 d5 6. Nbd2 g6 {A05: Réti Opening: 1 Nf3 Nf6} (6... Nbd7 7. Re1 Bc5 8. c4 O-O 9. Qc2 a5 10. b3 a4 11. Bb2 axb3 12. axb3 Re8 13. Rxa8 {½-½ (13) Hillarp Persson,T (2563)-Tiviakov,S (2605) St Clement Bay 2019}) 7. e4 Bg7 8. Re1 O-O {White is slightly better.} 9. e5 Nfd7 10. Nf1 c5 11. c3 Nc6 {[%cal Rd7e5]} 12. d4 f6 13. exf6 Qxf6 {[%cal Rc5d4]} 14. Bg5 Qf7 15. Bf4 $1 h6 16. Ne3 $146 ({Predecessor:} 16. h4 Rfe8 17. Qd2 Kh7 18. N1h2 e5 19. dxe5 Ndxe5 20. Nxe5 Nxe5 21. Bxe5 Bxe5 22. Rxe5 Rxe5 {½-½ (74) Mroziak,M (2397)-Sieciechowicz,M (2387) Katowice 2017}) 16... cxd4 17. cxd4 e5 18. Nxe5 Ncxe5 19. dxe5 Nxe5 20. Bxe5 (20. Nxd5 $6 Rad8 $11) (20. Bxd5 Bxd5 21. Nxd5 Rad8 $17) 20... Bxe5 21. Ng4 Bg7 22. Qd2 Kh7 23. Ne5 Bxe5 (23... Qf5 $1 $11 {remains equal.} 24. f4 Rac8) 24. Rxe5 $16 Rad8 25. Rae1 Rfe8 26. h4 Rxe5 27. Rxe5 d4 $2 {[%mdl 8192]} (27... Re8 $16 {is tougher.} 28. Bxd5 Bxd5 29. Rxd5 (29. Qxd5 Re7 $16) 29... h5) 28. Qb4 $2 (28. Qe1 $18 Rd7 29. Bxb7 Rxb7 30. h5) 28... Rd7 (28... Bxg2 $2 29. Re7 $1 $18 {[%mdl 512]}) 29. Bxb7 Rxb7 30. Qxd4 Qxa2 $2 {[%mdl 12288] Endgame KQR-KQR} (30... Re7 $16) 31. Re8 {[%csl Gd4][%cal Re8h8]} Rg7 32. Qd8 {[%csl Gd8][%cal Re8h8]} Rg8 33. Qc7+ Rg7 34. Qb8 {[%csl Gb8][%cal Re8h8]} Rf7 35. Rh8+ Kg7 {[#] ( -> ...Qb1+)} 36. Qe5+ $2 (36. Qg8+ $1 Kf6 37. h5 (37. Rxh6 Qb1+ 38. Kg2 Qe4+ 39. Kh2 Ke7 $16) 37... Qb1+ 38. Kh2) 36... Rf6 $18 {[#]} 37. Re8 $2 (37. Ra8 $1 $18 Qe6 38. Rxa7+ Kg8 39. Qd4) 37... Qb1+ $1 $11 38. Kg2 {Re7+ would kill now.} Qf5 39. Re7+ {The position is equal.} Kf8 40. Re8+ Kg7 41. Re7+ Kf8 $132 {[%mdl 2048] Black is fighting back} 42. Re8+ Kg7 43. Re7+ (43. Qd4 {feels hotter.} Qf3+ 44. Kg1 Kh7 45. b4 Rf8 46. b5) 43... Kf8 44. Qxf5 Rxf5 45. Rxa7 {KR-KR} Rb5 46. Ra2 Rb3 47. Kf1 Ke7 48. Ke2 Kd6 49. Kd1 Kd5 50. Ke1 Ke6 51. Kd1 Kd5 52. Ke1 Ke6 53. Kd2 Kd5 54. Kd1 Rd3+ 55. Ke1 Rb3 56. Ra7 Ke6 57. h5 gxh5 58. Rh7 Kf6 59. Rxh6+ Kg5 60. Rd6 Rxb2 61. Kf1 b5 62. Kg2 b4 63. Rd5+ Kg6 64. Rb5 b3 65. Kf3 Rb1 66. Kf4 b2 67. Rb6+ Kg7 68. Kg5 Kf7 69. Kf5 Kg7 70. Rb7+ Kh6 71. Kf6 h4 {[#] ...Rf1 is the strong threat.} 72. Rb8 $1 {[%cal Rb8h8][%mdl 512]} Kh7 $1 (72... Kh5 73. f3 (73. Kf5 Kh6 $16) 73... hxg3 74. Rh8#) 73. Rb7+ Kh6 {[#] White must now prevent ...Rf1.} 74. Rb8 $1 {[%cal Rb8h8][%mdl 512]} Kh7 $1 ({Stronger than} 74... Kh5 75. f3 (75. Kf5 Kh6 $16) 75... hxg3 76. Rh8#) 75. Rb7+ Kh6 {[#] Hoping for ...Rf1.} 76. Rb8 $1 {[%cal Rb8h8][%mdl 512]} Kh7 $1 ({Weaker is} 76... Kh5 77. f3 (77. Kf5 Kh6 $16) 77... hxg3 78. Rh8#) 77. Rb7+ Kh6 {And now ...Rf1 would win.} 78. gxh4 Rh1 ({But not} 78... Kh5 $6 79. Kf5 $16) 79. Rxb2 {Threatens to win with f4.} Rxh4 80. Ke5 Kg7 81. f4 Rh6 82. Rb7+ $1 Kf8 83. f5 Ra6 84. Kf4 Rc6 85. Kg5 Ra6 86. Rb2 Kf7 87. Rh2 Kg7 88. Rc2 Kf7 89. Rc7+ Kf8 90. f6 {aiming for Kg6.} Ra1 91. Kg6 {Accuracy: White = 59%, Black = 72%.} 1/2-1/2

[Event "EUSA-ch Open 2019"]
[Site "Budapest"]
[Date "2019.07.26"]
[Round "7.4"]
[White "Golubka, Petro"]
[Black "Kaczur, Florian"]
[Result "1-0"]
[WhiteElo "2483"]
[BlackElo "2463"]
[Annotator "ChessBase"]
[PlyCount "123"]
[EventDate "2019.07.23"]
[EventType "team-tourn"]
[EventCountry "HUN"]
[SourceTitle "playchess.com"]
[Source "ChessBase"]
[SourceQuality "1"]
[TimeControl "1500+10"]

1. e4 {[%emt 0:00:00]} e5 {[%emt 0:00:00]} 2. Nf3 {[%emt 0:00:00]} Nc6 {[%emt 0:00:00]} 3. d4 {[%emt 0:00:04]} exd4 {[%emt 0:00:00]} 4. Nxd4 {[%emt 0:00:01]} Bc5 {[%emt 0:00:04]} 5. Nb3 {[%emt 0:00:02]} Bb6 {[%emt 0:00:03]} 6. Nc3 {[%emt 0:00:02]} Nf6 {[%emt 0:00:34]} 7. Qf3 {[%emt 0:01:13]} d6 {[%emt 0:01:33]} 8. Be3 {[%emt 0:00:37]} Qe7 {[%emt 0:01:23]} 9. Bg5 {[%emt 0:00:38]} Ne5 {[%emt 0:02:43]} 10. Qf4 {[%emt 0:00:03]} Ng6 {[%emt 0:00:32]} 11. Qf3 {[%emt 0:00:26]} Ne5 {[%emt 0:00:15]} 12. Qe2 {[%emt 0:00:17]} c6 {[%emt 0:01:58]} 13. f3 {[%emt 0:00:54]} h6 {[%emt 0:00:14]} 14. Be3 {[%emt 0:00:25]} O-O {[%emt 0:00:17]} 15. O-O-O {[%emt 0:00:08]} Re8 {[%emt 0:00:57]} 16. Bxb6 {[%emt 0:00:32]} axb6 {[%emt 0:00:02]} 17. Qd2 {[%emt 0:00:01]} b5 {[%emt 0:00:31]} 18. Qxd6 {[%emt 0:00:39]} Qxd6 {[%emt 0:00:11]} 19. Rxd6 {[%emt 0:00:01]} b4 {[%emt 0:00:08]} 20. Nb1 {[%emt 0:00:15]} Rxa2 {[%emt 0:00:48]} 21. Rd4 {[%emt 0:00:06]} Nfd7 {[%emt 0:01:27]} 22. Rxb4 {[%emt 0:00:12]} c5 {[%emt 0:00:26]} 23. Nc3 {[%emt 0:00:18]} Ra8 {[%emt 0:00:38]} 24. Ra4 {[%emt 0:00:07]} Rxa4 {[%emt 0:00:28]} 25. Nxa4 {[%emt 0:00:01]} c4 {[%emt 0:00:42]} 26. Nd4 {[%emt 0:00:07]} b6 {[%emt 0:00:39]} 27. Be2 {[%emt 0:00:23]} Ba6 {[%emt 0:00:15]} 28. b4 {[%emt 0:00:29]} Rc8 {[%emt 0:01:13]} 29. Kb1 {[%emt 0:01:01]} Rb8 {[%emt 0:03:17]} 30. Nc3 {[%emt 0:00:31]} Bb7 {[%emt 0:01:01]} 31. Rd1 {[%emt 0:00:15]} Nf6 {[%emt 0:00:40]} 32. Ndb5 {[%emt 0:00:17]} Bc6 {[%emt 0:00:30]} 33. Kb2 {[%emt 0:00:15]} g5 {[%emt 0:00:11]} 34. Nd6 {[%emt 0:01:18]} b5 {[%emt 0:00:40]} 35. g3 {[%emt 0:00:37]} Bd7 {[%emt 0:01:08]} 36. f4 {[%emt 0:00:15]} Nc6 {[%emt 0:00:18]} 37. e5 Ne8 {[%emt 0:01:08]} 38. Nd5 {[%emt 0:01:29]} Kf8 {[%emt 0:00:24]} 39. Nxe8 {[%emt 0:00:16]} Bxe8 {[%emt 0:00:02]} 40. Bf3 {[%emt 0:00:41]} Rd8 {[%emt 0:00:37]} 41. c3 {[%emt 0:00:12]} gxf4 {[%emt 0:00:24]} 42. gxf4 {[%emt 0:00:01]} Ne7 {[%emt 0:00:31]} 43. Nxe7 {[%emt 0:00:25]} Rxd1 {[%emt 0:00:08]} 44. Bxd1 {[%emt 0:00:04]} Kxe7 {[%emt 0:00:02]} 45. Kc1 {[%emt 0:00:19]} f6 {[%emt 0:00:06]} 46. exf6+ {[%emt 0:00:03]} Kxf6 {[%emt 0:00:02]} 47. Kd2 {[%emt 0:00:28]} Kf5 {[%emt 0:00:32]} 48. Ke3 {[%emt 0:00:02]} h5 {[%emt 0:00:12]} 49. Bf3 {[%emt 0:00:58]} h4 {[%emt 0:00:55]} 50. Be4+ {[%emt 0:02:55]} Kg4 {[%emt 0:00:09]} 51. f5 {[%emt 0:01:01]} Kg5 {[%emt 0:00:37]} 52. Kd4 {[%emt 0:00:06]} Kf6 {[%emt 0:00:59]} 53. Kc5 {[%emt 0:00:47]} Bd7 {[%emt 0:00:42]} 54. Bc6 {[%emt 0:00:19]} Bc8 {[%emt 0:00:07]} 55. Kxb5 {[%emt 0:00:25]} Kxf5 {[%emt 0:00:02]} 56. Kxc4 {[%emt 0:00:03]} Kf4 {[%emt 0:00:04]} 57. Kd4 {[%emt 0:00:24]} Kg4 {[%emt 0:00:15]} 58. b5 {[%emt 0:00:23]} Kh3 {[%emt 0:00:05]} 59. b6 {[%emt 0:00:01]} Kxh2 {[%emt 0:00:04]} 60. b7 {[%emt 0:00:02]} Bxb7 {[%emt 0:00:02]} 61. Bxb7 {[%emt 0:00:01]} h3 {[%emt 0:00:04]} 62. Bc8 {[%emt 0:00:03]} 1-0

[Event "EUSA-ch Open 2019"]
[Site "Budapest"]
[Date "2019.07.26"]
[Round "7.5"]
[White "Kalogeris, Ioannis"]
[Black "Harutyunian, Tigran K."]
[Result "0-1"]
[WhiteElo "2376"]
[BlackElo "2539"]
[Annotator "ChessBase"]
[PlyCount "72"]
[EventDate "2019.07.23"]
[EventType "team-tourn"]
[EventCountry "HUN"]
[SourceTitle "playchess.com"]
[Source "ChessBase"]
[SourceQuality "1"]
[TimeControl "1500+10"]

1. d4 {[%emt 0:00:00]} Nf6 {[%emt 0:00:00]} 2. Nf3 {[%emt 0:00:00]} d5 {[%emt 0:00:00]} 3. c4 {[%emt 0:00:00]} e6 {[%emt 0:00:00]} 4. Nc3 {[%emt 0:00:02]} Bb4 {[%emt 0:00:07]} 5. Bg5 {[%emt 0:00:23]} dxc4 {[%emt 0:00:03]} 6. e4 {[%emt 0:00:13]} h6 {[%emt 0:00:02]} 7. Bxf6 {[%emt 0:00:29]} Qxf6 {[%emt 0:00:02]} 8. Bxc4 {[%emt 0:00:24]} c5 {[%emt 0:00:01]} 9. e5 {[%emt 0:02:36]} Qe7 {[%emt 0:02:06]} 10. O-O {[%emt 0:00:37]} cxd4 {[%emt 0:02:32]} 11. Qxd4 {[%emt 0:01:25]} Nc6 {[%emt 0:00:26]} 12. Qg4 {[%emt 0:00:34]} O-O {[%emt 0:03:04]} 13. Ne4 {[%emt 0:00:23]} Kh8 {[%emt 0:00:20]} 14. Rad1 {[%emt 0:02:48]} Bd7 {[%emt 0:00:14]} 15. Bd3 {[%emt 0:00:19]} Rad8 {[%emt 0:00:55]} 16. Qh5 {[%emt 0:04:02]} Be8 {[%emt 0:00:50]} 17. Qh3 {[%emt 0:02:52]} Ba5 {[%emt 0:01:56]} 18. Bb1 {[%emt 0:03:18]} Bc7 {[%emt 0:00:52]} 19. Qg3 {[%emt 0:01:27]} Rd5 {[%emt 0:01:08]} 20. Rxd5 {[%emt 0:01:08]} exd5 {[%emt 0:00:01]} 21. Nc3 {[%emt 0:00:14]} Qe6 {[%emt 0:02:29]} 22. Rd1 {[%emt 0:02:37]} d4 {[%emt 0:02:49]} 23. Nb5 {[%emt 0:00:56]} Bb8 {[%emt 0:01:53]} 24. Nbxd4 {[%emt 0:00:58]} Nxd4 {[%emt 0:00:01]} 25. Rxd4 {[%emt 0:00:19]} Bc6 {[%emt 0:00:02]} 26. Be4 {[%emt 0:01:00]} Qxa2 {[%emt 0:00:04]} 27. h4 {[%emt 0:00:08]} Qxb2 {[%emt 0:00:42]} 28. Bxc6 {[%emt 0:00:07]} Qc1+ {[%emt 0:00:40]} 29. Kh2 {[%emt 0:00:01]} Qxc6 {[%emt 0:00:02]} 30. Rg4 {[%emt 0:00:20]} Rg8 {[%emt 0:00:12]} 31. Qf4 {[%emt 0:00:15]} Qe6 {[%emt 0:00:07]} 32. g3 {[%emt 0:00:09]} f5 {[%emt 0:01:04]} 33. Rg5 {[%emt 0:00:15]} Rf8 {[%emt 0:02:22]} 34. Rh5 {[%emt 0:00:07]} Qg6 {[%emt 0:00:16]} 35. Qb4 {[%emt 0:00:13]} Re8 {[%emt 0:00:20]} 36. g4 {[%emt 0:00:08]} fxg4 {[%emt 0:00:16]} 0-1

[Event "EUSA-ch Open 2019"]
[Site "Budapest"]
[Date "2019.07.26"]
[Round "7.6"]
[White "Petrosyan, Tigran S."]
[Black "Kalogridakis, Georgios"]
[Result "1-0"]
[WhiteElo "2448"]
[BlackElo "2134"]
[Annotator "NA"]
[PlyCount "103"]
[EventDate "2019.07.23"]
[EventType "team-tourn"]
[EventCountry "HUN"]
[SourceTitle "playchess.com"]
[Source "ChessBase"]
[SourceQuality "1"]
[TimeControl "1500+10"]

1. Nf3 {[%emt 0:00:00]} Nf6 {[%emt 0:00:00]} 2. c4 {[%emt 0:00:00]} c5 {[%emt 0:00:00]} 3. Nc3 {[%emt 0:00:00]} Nc6 {[%emt 0:00:00]} 4. d4 {[%emt 0:00:00]} cxd4 {[%emt 0:00:00]} 5. Nxd4 {[%emt 0:00:00]} e6 {[%emt 0:00:01]} 6. Bf4 {[%emt 0:00:09]} a6 {[%emt 0:00:49]} 7. Nxc6 {[%emt 0:00:03]} bxc6 {[%emt 0:00:01]} 8. Bd6 {[%emt 0:00:12]} Bxd6 {[%emt 0:00:37]} 9. Qxd6 {[%emt 0:00:03]} Qe7 {[%emt 0:00:01]} 10. Rd1 {[%emt 0:01:39]} Qxd6 {[%emt 0:00:07]} 11. Rxd6 {[%emt 0:00:02]} Ke7 {[%emt 0:00:02]} 12. c5 {[%emt 0:00:39]} a5 {[%emt 0:00:43]} 13. b3 {[%emt 0:03:51]} Ba6 {[%emt 0:04:00]} 14. e4 {[%emt 0:04:28]} a4 {[%emt 0:04:29]} 15. b4 {[%emt 0:01:13]} a3 {[%emt 0:00:48]} 16. Bxa6 {[%emt 0:01:02]} Rxa6 {[%emt 0:00:01]} 17. Ke2 {[%emt 0:00:09]} Rb8 {[%emt 0:00:03]} 18. Rb1 {[%emt 0:00:06]} Ra7 {[%emt 0:00:12]} 19. Rb3 {[%emt 0:04:59]} Ne8 {[%emt 0:03:57]} 20. Rd1 {[%emt 0:00:04]} e5 {[%emt 0:01:57]} 21. Rdb1 {[%emt 0:02:31]} Nc7 {[%emt 0:00:52]} 22. Kd3 {[%emt 0:00:47]} Ne6 {[%emt 0:01:30]} 23. Ne2 {[%emt 0:01:25]} Ra4 {[%emt 0:01:06]} 24. Kc3 {[%emt 0:01:19]} g6 {[%emt 0:00:25]} 25. g3 {[%emt 0:00:43]} f5 {[%emt 0:00:20]} 26. exf5 {[%emt 0:00:06]} gxf5 {[%emt 0:00:01]} 27. f4 {[%emt 0:00:05]} exf4 {[%emt 0:01:41]} 28. Nxf4 {[%emt 0:00:32]} Raa8 {[%emt 0:01:15]} 29. Nxe6 {[%emt 0:00:36]} dxe6 {[%emt 0:00:02]} 30. Rd1 {[%emt 0:00:01]} Rd8 {[%emt 0:01:55]} 31. Rxd8 {[%emt 0:00:03]} Kxd8 {[%emt 0:00:01]} 32. Kc4 {[%emt 0:01:45]} Kc7 {[%emt 0:01:19]} 33. Re3 {[%emt 0:00:06]} Re8 {[%emt 0:00:46]} 34. Rxa3 {[%emt 0:00:03]} Kb7 {[%emt 0:00:09]} 35. Rd3 {[%emt 0:00:08]} Re7 {[%emt 0:00:08]} 36. a4 {[%emt 0:00:02]} e5 {[%emt 0:00:00]} 37. Rf3 {[%emt 0:00:44]} Rf7 {[%emt 0:00:48]} 38. b5 {[%emt 0:00:20]} h5 {[%emt 0:00:01]} 39. Rf1 {[%emt 0:00:19]} h4 {[%emt 0:00:33]} 40. g4 {[%emt 0:00:19]} f4 {[%emt 0:00:44]} 41. Kd3 {[%emt 0:00:03]} Rd7+ {[%emt 0:00:01]} 42. Ke4 {[%emt 0:00:02]} Rd4+ {[%emt 0:00:18]} 43. Kxe5 {[%emt 0:00:04]} Rxa4 {[%emt 0:00:01]} 44. Rxf4 {[%emt 0:00:14]} Ra2 {[%emt 0:00:24]} 45. Rf7+ {[%emt 0:00:03]} Kb8 {[%emt 0:00:02]} 46. Kd6 {[%emt 0:00:42]} cxb5 {[%emt 0:00:05]} 47. Kc6 {[%emt 0:00:04]} Rxh2 {[%emt 0:00:24]} 48. Kb6 {[%emt 0:00:04]} Kc8 {[%emt 0:00:08]} 49. c6 {[%emt 0:00:03]} Rd2 {[%emt 0:00:02]} 50. Rf8+ {[%emt 0:00:01]} Rd8 {[%emt 0:00:10]} 51. Rxd8+ {[%emt 0:00:02]} Kxd8 {[%emt 0:00:01]} 52. Kb7 {[%emt 0:00:00]} 1-0

[Event "EUSA-ch Open 2019"]
[Site "Budapest"]
[Date "2019.07.26"]
[Round "8.1"]
[White "Chigaev, Maksim"]
[Black "Grimm, Daniel"]
[Result "1-0"]
[WhiteElo "2640"]
[BlackElo "2280"]
[Annotator "TA"]
[PlyCount "104"]
[EventDate "2019.07.23"]
[EventType "team-tourn"]
[EventCountry "HUN"]
[SourceTitle "playchess.com"]
[Source "ChessBase"]
[SourceQuality "1"]

{[%evp 9,104,23,31,33,36,35,45,28,57,57,63,66,170,180,174,171,160,158,142,85,92,83,86,66,71,23,31,24,20,0,0,0,31,31,31,31,29,26,37,37,31,21,28,6,21,8,8,4,13,6,9,0,0,0,21,21,27,21,28,28,30,30,34,34,34,34,214,212,205,205,198,193,122,158,580,576,681,663,649,645,620,610,586,586,1574,1568,1574,953,1574,1574,1574,1472,6568,5530,29970,29958,1839]} 1. e4 d5 2. exd5 Qxd5 3. Nc3 Qa5 4. Bc4 Nf6 5. d3 Bg4 6. Nge2 {B01: Scandinavian Defence} e6 (6... Nbd7 7. h3 Bf5 8. O-O e6 9. Nd4 Bg6 10. Nb3 Qh5 11. Qxh5 Bxh5 12. Nb5 Kd8 13. a4 Nb6 {1-0 (64) Hansen,E (2629)-Pruijssers,R (2536) chess.com INT 2018}) 7. O-O Bd6 8. Qe1 {White is slightly better.} a6 $146 ({Predecessor:} 8... Nc6 9. Bd2 Bxe2 10. Nxe2 Qe5 11. Nf4 g5 12. Qxe5 Nxe5 13. Ne2 Nxc4 14. Bxg5 {0-1 (30) Martinez,L (1888)-Gonzalez,W (1967) Pereira 2019}) 9. Ng3 h5 10. h3 Bxg3 ({Black should try} 10... h4 $14 11. Nge4 Bf5) 11. fxg3 $18 Bf5 {[#]} 12. b4 $1 {[%cal Rb4a5][%mdl 512]} Qb6+ (12... Qxb4 13. Rxf5) 13. Be3 $1 {[%cal Re3b6]} Qc6 14. Bd4 (14. b5 $142 Qd7 15. bxa6 Nxa6 16. Rb1) 14... Kf8 $16 15. b5 axb5 16. Bxb5 Qd6 17. Be5 Qb6+ 18. Kh1 Nc6 19. Rb1 {aiming for Bc4.} Nxe5 20. Qxe5 Qd6 21. Qxd6+ cxd6 22. Bc4 Rc8 23. Rxb7 d5 24. Rxf5 {Hoping for Rf4.} dxc4 25. Rf3 {Black must now prevent dxc4.} cxd3 26. Rxd3 {Strongly threatening Nb5.} g6 27. Nb5 {And now Nd6 would win.} Rxc2 28. Rd8+ Kg7 29. Rxh8 Kxh8 30. Rxf7 $11 {[%mdl 4096] Endgame KRN-KRN} Ne4 31. Nd4 Rc1+ 32. Kh2 Nd2 {Threatening ...Nf1+.} 33. Nb3 Nxb3 34. axb3 {KR-KR} Rb1 35. Rb7 e5 36. g4 h4 37. g5 Kg8 $2 {[#]} (37... Re1 $1 $14) 38. Rb4 $1 $18 Kf7 39. Rxh4 Rxb3 {[#]} 40. Ra4 $1 Ke6 (40... Rb6 $18 41. Ra3 Ke6) 41. h4 $16 Kd5 $2 (41... Rb6 $16 42. g4 Rb2+ 43. Kg3 Rb3+ 44. Kg2 Rb2+ 45. Kf3 Rb3+ 46. Kg2 Rb2+ 47. Kg3 Rb3+ 48. Kh2 Rb2+ 49. Kh1 Rb3) 42. Ra6 $18 Rb4 43. Kh3 e4 {Black hopes to continue with ...e3.} 44. Rxg6 e3 {( -> ...e2)} 45. Ra6 e2 46. Ra1 Ke5 47. Re1 Rb3+ 48. Kg4 Re3 49. g6 Kf6 50. Kf4 Re8 51. h5 Re5 52. g4 Re8 {Accuracy: White = 81%, Black = 38%.} 1-0

[Event "EUSA-ch Open 2019"]
[Site "Budapest"]
[Date "2019.07.26"]
[Round "8.2"]
[White "Grimm, Gyorgy"]
[Black "Predke, Alexandr"]
[Result "0-1"]
[WhiteElo "2141"]
[BlackElo "2632"]
[Annotator "TA"]
[PlyCount "58"]
[EventDate "2019.07.23"]
[EventType "team-tourn"]
[EventCountry "HUN"]
[SourceTitle "playchess.com"]
[Source "ChessBase"]
[SourceQuality "1"]

{[%evp 10,104,21,12,12,-6,26,12,23,16,13,14,18,0,1,-41,-45,-32,-41,-25,-14,-50,-50,-50,-50,-50,-49,-54,-54,-60,-66,-85,-62,-68,-54,-54,-51,-78,-60,-55,-56,-66,-63,-141,-143,-150,-139,-169,-163,-180,-133,-197,-180,-204,-183,-255,-246,-276,-276,-276,-276,-283,-283,-276,-285,-319,-307,-288,-280,-268,-246,-224,-210,-248,-240,-249,-264,-277,-273,-309,-275,-374,-411,-410,-335,-439,-411,-1164,-1144,-1012,-991,-29971,-29973,-29976,-29977,-29990,-29991]} 1. e4 e5 2. Nf3 Nc6 3. Bb5 a6 4. Ba4 Nf6 5. d3 d6 6. c4 Be7 {C77: Ruy Lopez: 3...a6 4 Ba4 Nf6, unusual lines} (6... g6 7. h3 Bg7 8. Nc3 Nd7 9. Bg5 f6 10. Be3 Nc5 11. Bxc6+ bxc6 12. Bxc5 dxc5 13. Qa4 Qd6 14. Qa5 Bh6 {0-1 (67) Nisipeanu,L (2680)-Gonda,L (2527) Budapest 2019}) 7. h3 Be6 8. Nc3 Nd7 {The position is equal.} 9. Be3 O-O 10. O-O Rb8 $146 ({Predecessor:} 10... Kh8 11. Rc1 f5 12. exf5 Bxf5 13. Bxc6 bxc6 14. d4 {0-1 (29) Klasan,V (2342)-Seitaj,I (2400) Istanbul 2012}) 11. Re1 Bf6 12. d4 exd4 ({Of course not} 12... Bxc4 $6 13. d5 $14) 13. Nxd4 Bxd4 14. Bxd4 Bxc4 15. Bxc6 (15. Be3 {looks sharper.} Re8 16. Rc1 Nde5 17. Qd2 b5 18. Bc2) 15... bxc6 16. b3 Be6 17. Ne2 f6 18. Nf4 Bf7 19. Qg4 Ne5 20. Qg3 Re8 21. Nd3 c5 22. Bc3 Nc6 23. Nf4 Kh8 24. Rad1 a5 {[%cal Ba6a5,Ba5b4][%mdl 32]} 25. Nd5 Nb4 26. Nxb4 (26. Qf3 $15) 26... axb4 $17 27. Ba1 Bg6 28. f3 Ra8 29. Rd2 Qd7 {Played: Qd8-e7} 0-1

[Event "EUSA-ch Open 2019"]
[Site "Budapest"]
[Date "2019.07.26"]
[Round "8.3"]
[White "Shevchenko, Kirill"]
[Black "Daskalov, Dimitar"]
[Result "1-0"]
[WhiteElo "2536"]
[BlackElo "2305"]
[Annotator "ChessBase"]
[PlyCount "117"]
[EventDate "2019.07.23"]
[EventType "team-tourn"]
[EventCountry "HUN"]
[SourceTitle "playchess.com"]
[Source "ChessBase"]
[SourceQuality "1"]
[TimeControl "1500+10"]

1. d4 {[%emt 0:00:00]} Nf6 {[%emt 0:00:00]} 2. c4 {[%emt 0:00:00]} e5 {[%emt 0:00:00]} 3. dxe5 {[%emt 0:00:07]} Ng4 {[%emt 0:00:00]} 4. Bf4 {[%emt 0:01:20]} Bb4+ {[%emt 0:00:00]} 5. Nd2 {[%emt 0:01:47]} Nc6 {[%emt 0:00:01]} 6. Ngf3 {[%emt 0:00:15]} Qe7 {[%emt 0:00:02]} 7. e3 {[%emt 0:01:58]} Ngxe5 {[%emt 0:00:03]} 8. Nxe5 {[%emt 0:00:08]} Nxe5 {[%emt 0:00:02]} 9. a3 {[%emt 0:00:01]} Bxd2+ {[%emt 0:00:02]} 10. Qxd2 {[%emt 0:00:01]} d6 {[%emt 0:00:02]} 11. Be2 {[%emt 0:00:17]} O-O {[%emt 0:00:56]} 12. O-O {[%emt 0:00:15]} a5 {[%emt 0:00:34]} 13. Rac1 {[%emt 0:02:58]} b6 {[%emt 0:00:49]} 14. b4 {[%emt 0:00:16]} axb4 {[%emt 0:00:01]} 15. axb4 {[%emt 0:00:02]} Bb7 {[%emt 0:00:23]} 16. c5 {[%emt 0:00:53]} dxc5 {[%emt 0:00:20]} 17. bxc5 {[%emt 0:00:11]} Ng6 {[%emt 0:00:25]} 18. Bg3 {[%emt 0:00:33]} bxc5 {[%emt 0:01:28]} 19. Qc2 {[%emt 0:05:23]} Ra5 {[%emt 0:01:45]} 20. Rfd1 {[%emt 0:00:48]} Rfa8 {[%emt 0:00:37]} 21. h3 {[%emt 0:01:57]} Nf8 {[%emt 0:00:32]} 22. Bc4 {[%emt 0:00:58]} Be4 {[%emt 0:02:25]} 23. Qc3 {[%emt 0:00:43]} Bc6 {[%emt 0:01:16]} 24. Qe5 {[%emt 0:02:14]} Qxe5 {[%emt 0:01:29]} 25. Bxe5 {[%emt 0:00:01]} Ne6 {[%emt 0:00:04]} 26. Bxe6 {[%emt 0:01:50]} fxe6 {[%emt 0:00:02]} 27. Bxc7 {[%emt 0:00:04]} Rb5 {[%emt 0:01:03]} 28. Rd6 {[%emt 0:02:00]} Bd5 {[%emt 0:00:04]} 29. f3 {[%emt 0:00:06]} Rc8 {[%emt 0:01:25]} 30. Rd7 {[%emt 0:00:32]} Bc6 {[%emt 0:00:48]} 31. Re7 {[%emt 0:00:42]} Rb7 {[%emt 0:00:11]} 32. Bd6 {[%emt 0:00:02]} Rxe7 {[%emt 0:00:08]} 33. Bxe7 {[%emt 0:00:02]} Kf7 {[%emt 0:00:14]} 34. Bxc5 {[%emt 0:00:22]} Be8 {[%emt 0:00:02]} 35. Kf2 {[%emt 0:00:27]} e5 {[%emt 0:00:11]} 36. e4 {[%emt 0:00:03]} Ke6 {[%emt 0:00:04]} 37. h4 {[%emt 0:00:17]} Bb5 {[%emt 0:00:52]} 38. g3 {[%emt 0:00:31]} g6 {[%emt 0:00:23]} 39. Ke3 {[%emt 0:00:05]} Rc7 {[%emt 0:00:07]} 40. Rc3 {[%emt 0:00:04]} Rc8 {[%emt 0:00:11]} 41. Kd2 {[%emt 0:00:03]} Bf1 {[%emt 0:00:39]} 42. Ke1 {[%emt 0:00:18]} Bb5 {[%emt 0:00:09]} 43. Kd2 {[%emt 0:00:01]} Bf1 {[%emt 0:00:02]} 44. Rc2 {[%emt 0:00:33]} Bb5 {[%emt 0:00:27]} 45. Rc1 {[%emt 0:00:08]} Bd7 {[%emt 0:00:15]} 46. Rc3 {[%emt 0:00:23]} Bb5 {[%emt 0:00:10]} 47. Kc2 {[%emt 0:00:12]} Be2 {[%emt 0:00:31]} 48. f4 {[%emt 0:00:02]} Ba6 {[%emt 0:01:11]} 49. Kd2 {[%emt 0:00:35]} Bb7 {[%emt 0:00:47]} 50. Ke3 {[%emt 0:00:06]} Ba8 {[%emt 0:00:39]} 51. fxe5 {[%emt 0:00:18]} h5 {[%emt 0:01:37]} 52. Kf4 {[%emt 0:00:17]} Rc7 {[%emt 0:00:15]} 53. Ra3 {[%emt 0:00:15]} Rf7+ {[%emt 0:00:24]} 54. Ke3 {[%emt 0:00:08]} Bb7 {[%emt 0:00:20]} 55. Rb3 {[%emt 0:00:23]} Kxe5 {[%emt 0:00:25]} 56. Rb6 {[%emt 0:00:06]} Bxe4 {[%emt 0:01:17]} 57. Bd4+ {[%emt 0:00:01]} Kf5 {[%emt 0:00:02]} 58. Rb5+ {[%emt 0:00:02]} Kg4 {[%emt 0:00:01]} 59. Rg5+ {[%emt 0:00:01]} 1-0